[Event "RN-2013-0-00720"]
[Site "LSS email"]
[Date "2013.11.03"]
[Round "?"]
[White "Wiszowaty, Oskar"]
[Black "Linart, Ludvik"]
[Result "0-1"]
[WhiteElo "800"]
[BlackElo "929"]
[PlyCount "22"]
[EventDate "2013.10.25"]
[EventType "tourn (corr)"]
[EventRounds "6"]
[EventCountry "GER"]
[SourceTitle "Corr 2015"]
[Source "ChessBase"]
[SourceDate "2015.07.17"]
[SourceVersion "1"]
[SourceVersionDate "2015.07.17"]
[SourceQuality "1"]

1. g3 c5 2. Bg2 e6 3. Nh3 d5 4. 0-0 Bd6 5. e4 Nf6 6. exd5 exd5 7. Re1+ Be6 8. Ng5 0-0 9. Nxe6 fxe6 10. c4 Nbd7 11. cxd5 e5 0-1